Handbook of Mechanical Engineering Terms (Record no. 18415)

MARC details
000 -LEADER
fixed length control field 00458nam a22001817a 4500
005 - DATE AND TIME OF LATEST TRANSACTION
control field 20230523162753.0
008 - FIXED-LENGTH DATA ELEMENTS--GENERAL INFORMATION
fixed length control field 230523b |||||||| |||| 00| 0 eng d
020 ## - INTERNATIONAL STANDARD BOOK NUMBER
ISBN 9788122426083
082 ## - DEWEY DECIMAL CLASSIFICATION NUMBER
Classification number 621.03
Item number RAM-H
100 ## - MAIN ENTRY--AUTHOR
Author Name Ramalingam;K.K
245 ## - TITLE STATEMENT
Title Handbook of Mechanical Engineering Terms
250 ## - EDITION STATEMENT
Edition statement 2nd ed.
260 ## - PUBLICATION, DISTRIBUTION, ETC.
Place of Publication India
Name of publisher, distributor, etc. New Age International
Date of publication, distribution, etc. 2009
300 ## - PHYSICAL DESCRIPTION
Pages 355
650 ## - SUBJECT ADDED ENTRY--TOPICAL TERM
Subject / Department Engineering
700 ## - ADDED ENTRY--PERSONAL NAME
Personal name K.K.Ramalingam
952 ## - LOCATION AND ITEM INFORMATION (KOHA)
-- 0
-- 0
Holdings
Lost status Damaged status Permanent Location Current Location Shelving Location Date acquired Full Call Number Accession No./Barcode Date last seen item type
    Superior Information Resource Center (SIRC) Superior University- Central Library Superior Information Resource Center (SIRC) Superior University- Central Library Engineering 05/23/2023 621.03 RAM-H 2009 15645 05/23/2023 BOOK

Powered by Koha